000 00302nam a22001337a 4500
008 170602b xxu||||| |||| 00| 0 eng d
020 _a9780140176605
041 _aeng
080 _a94(100)
100 _a17
101 _aSHH
245 _aA GREEN HISTORY OF THE WORLD
_cPONTING,C
942 _2udc
_cBK
999 _c15787
_d15787